000 00377 a2200157 4500
001 61364
020 _a
040 _cAnchieta - Pituba
100 _aAcevedo, Cristobal de
240 1 0 _aOs Interêsses Criados e Rosas de Outono
_lpor
245 1 0 _aOs Interêsses Criados e Rosas de Outono
300 _a300
362 0 _a1971
650 4 _aFicção espanhola
942 _cBK
999 _c61364
_d61364